000 00824cam a2200217 a 4500
001 000010041
005 20200929161820.0
008 870717s1989 pr 001 0 spa
020 _a0865814155
040 _aDO-SdBNP
_bspa
_cLC
_dBNGR
082 _aPR861.44
_bS718ó
100 1 _aSoto Velez, Clemente,
_d1905-
_925005
245 1 0 _aObra poética /
_cClemente Soto Velez.
260 _aSan Juan, Puerto Rico :
_bInstituto de Cultura Puertorriqueña, División de Publicaciones y Grabaciones,
_c1989.
300 _a450 p. ;
_c23 cm.
505 1 _aIntroducción por Luis Hernández Aquino -- Escalio -- Abrazo interno -- Arboles -- Caballo de palo -- La tierra prometida.
650 4 _aPoesía puertorriqueña
_91015
650 4 _aLiteratura puertorriqueña
_9250
910 _aCatalogación por copia / LC
049 _aBNGR
999 _c9800
_d9800